<?xml version="1.0" encoding="UTF-8"?>
<collection xmlns="http://www.loc.gov/MARC21/slim">
    <record>
        <controlfield tag="001">46759</controlfield>
        <controlfield tag="005">20170831220546.0</controlfield>
        <datafield tag="037" ind1=" " ind2=" ">
            <subfield code="a">GDOC-2011-1860</subfield>
        </datafield>
        <datafield tag="041" ind1=" " ind2=" ">
            <subfield code="a">spa</subfield>
        </datafield>
        <datafield tag="245" ind1="0" ind2="0">
            <subfield code="9">67708</subfield>
            <subfield code="a">Arqueología Experimental</subfield>
        </datafield>
        <datafield tag="260" ind1=" " ind2=" ">
            <subfield code="a">Zaragoza</subfield>
            <subfield code="b">Universidad de Zaragoza</subfield>
            <subfield code="c">2011-2012</subfield>
        </datafield>
        <datafield tag="520" ind1=" " ind2=" ">
            <subfield code="a">La Arqueología Experimental es una forma controlada y sistemática de análisis a partir de la observación directa de la realidad dinámica mediante  protocolos experimentales repetibles. Estos, con los que se crean situaciones tan próximas a las originales como sea posible, se utilizan cada vez más para comprobar, evaluar y explicar técnicas, procesos, hipótesis y teorías en cualquiera y en todos los niveles de la investigación arqueológica. Aunque no es una disciplina nueva sí se encuentra, claramente, en una situación emergente, además de multiforme, cumpliendo variadas funciones en la investigación, la docencia, la valorización del patrimonio, la difusión del conocimiento histórico o el ocio de la sociedad actual.</subfield>
        </datafield>
        <datafield tag="521" ind1=" " ind2=" ">
            <subfield code="9">647</subfield>
            <subfield code="a">Máster Universitario en Ciencias de la Antigüedad</subfield>
        </datafield>
        <datafield tag="540" ind1=" " ind2=" ">
            <subfield code="a">by-nc-sa</subfield>
            <subfield code="b">Creative Commons</subfield>
            <subfield code="c">3.0</subfield>
            <subfield code="u">http://creativecommons.org/licenses/by-nc-sa/3.0/</subfield>
        </datafield>
        <datafield tag="700" ind1=" " ind2=" ">
            <subfield code="0">(orcid)0000-0001-5506-8510</subfield>
            <subfield code="a">Mazo Pérez, Carlos</subfield>
        </datafield>
        <datafield tag="830" ind1=" " ind2=" ">
            <subfield code="9">316</subfield>
        </datafield>
        <datafield tag="856" ind1="4" ind2=" ">
            <subfield code="s">79339</subfield>
            <subfield code="u">http://zaguan.unizar.es/record/46759/files/guia.pdf</subfield>
            <subfield code="y">Guía (idioma español)</subfield>
        </datafield>
        <datafield tag="980" ind1=" " ind2=" ">
            <subfield code="a">GDOC</subfield>
            <subfield code="b">Artes y humanidades</subfield>
            <subfield code="c">103</subfield>
        </datafield>
    </record>

    
</collection>